Städte nach Bundesländern - Sudden Death - Statistiken

Allgemein
  • Dieses Quiz wurde 126 mal gespielt
  • Das Durchschnittsergebnis liegt bei 21 aus 30
Answers on the Grid
Answers color-coded by a green-red scale on the quiz's grid according to % correct below.
Herne
Düren
Göttingen
Köln
Merzig
Saarbrücken
Bitburg
Völklingen
Tier
Mannheim
Kaiserslautern
Koblenz
Tübingen
Bamberg
Ingolstadt
Passau
Erfurt
Gera
Jena
Halle (Saale)
Braunschweig
Oranienburg
Potsdam
Cottbus
Wismar
Neubrandenburg
Weimar
Stralsund
Neumünster
Flensburg
Cuxhaven
Kiel
Bielefeld
Hildesheim
Oldenburg
Osnabrück
Heidelberg
Heilbronn
Neu-Ulm
Freiburg (Breisgau)
 
Antwortstatistiken
Antwort % Korrekt
Herne
86%
Köln
82%
Düren
81%
Erfurt
77%
Potsdam
77%
Flensburg
76%
Jena
76%
Tier
76%
Kaiserslautern
75%
Oranienburg
75%
Gera
73%
Kiel
73%
Cottbus
72%
Ingolstadt
72%
Koblenz
71%
Neumünster
71%
Saarbrücken
71%
Merzig
70%
Bamberg
69%
Hildesheim
69%
Freiburg (Breisgau)
66%
Oldenburg
66%
Heidelberg
65%
Passau
65%
Heilbronn
64%
Osnabrück
64%
Völklingen
64%
Neubrandenburg
61%
Wismar
61%
Stralsund
60%
Keine übereinstimmenden Quizze gefunden
Verteilung der Resultate
Anzahl Personen mit jedem Resultat
Perzentil nach korrekt beantworteten Fragen
Ihre Resultats-Entwicklung
Sie haben dieses Quiz noch nicht gespielt